Vista normal
Vista MARC
Entrada Personal Name
Número de registros utilizados en: 1
001 - CONTROL NUMBER
- control field: 17656
003 - CONTROL NUMBER IDENTIFIER
- control field: OSt
005 - DATE AND TIME OF LATEST TRANSACTION
- control field: 20210310221333.0
008 - FIXED-LENGTH DATA ELEMENTS
- fixed length control field: 210310|| aca||aabn | a|a d
040 ## - CATALOGING SOURCE
- Original cataloging agency: OSt
- Transcribing agency: OSt
100 ## - HEADING--PERSONAL NAME
- Personal name: Antonio Estache, Vivien Foster, Quentin Wodon
670 ## - SOURCE DATA FOUND
- Source citation: Work cat.: (OSt): Antonio Estache, Vivien Foster, Quentin Wodon , Como considerar la pobreza en las reformas de infraestructura, lecciones de la experiencia en america latina , 2004